000 00431nam a22001817a 4500
005 20251108172556.0
008 250721s9999 xx 000 0 eng d
082 1 4 _a759.945CHI
100 1 _aDe Sanna, Jole
_eProd.
245 1 0 _aDe Chirico And The Mediterranean /
264 1 _aNew York :
_bRizzoli,
300 _a303p
650 1 7 _aPainting
650 1 7 _aPainters
650 1 7 _aItaly
942 _2ddc
_cBK
999 _c82976
_d82976